Yerma : (Registro nro. 12822)

Detalles MARC
000 -LIDER
fixed length control field 00772nam a22002297a 4500
003 - IDENTIFICACDOR DE NÚMERO DE CONTROL
control field DO-SdBNP
005 - DATE AND TIME OF LATEST TRANSACTION
control field 20171129132945.0
008 - ELEMENTOS DE LONGITUD FIJA
fixed length control field 171109b 1981 sp |||| |||| 00| 0 spa d
020 ## - ISBN
International Standard Book Number 8402080456
040 ## - FUENTE DE CATALOGACIÓN
Agencia que crea de manera original el registro BPMSU
Idioma de catalogación spa
Agencia que realiza la transcripción BPMSU
092 ## - LOCALLY ASSIGNED DEWEY DECIMAL CALL NUMBER
Número de clasificación xxxx
Número de ítem (Cutter) xxxx
100 1# - ASIENTO PRINCIPAL -- NOMBRE PERSONAL
Nombre personal García Lorca, Federico,
Fechas asociadas con el nombre 1898-1936.
245 10 - MENCIÓN DE TITULO
Título Yerma :
Subtítulo poema trágico en tres actos y seis cuadros /
Mención de responsabilidad Federico García Lorca.
260 ## - PUBLICACIÓN, DISTRIBUCIÓN, ETC. (PIE DE IMPRENTA)
Lugar de publicación, distribución, etc Barcelona :
Nombre del editor, distribuidor, etc. Club Bruguera,
Fecha de publicación, distribución, etc 1981
300 ## - DESCRIPCIÓN FÍSICA
Extensión 163, [60 ] p. ;
Dimensiones 20 cm.
490 1# - MENCIÓN DE SERIES
Mención de serie Literatura universal bruguera
Volume/sequential designation 78
500 ## - NOTA GENERAL
Nota general Incluye datos biográficos del autor.
830 #0 - ASIENTO SECUNDARIO DE SERIE--TÍTULO UNIFORME
Título uniforme Literatura universal bruguera
Volume number/sequential designation 78
942 ## - ADDED ENTRY ELEMENTS (KOHA)
Source of classification or shelving scheme Dewey Decimal Classification
Koha item type Libros
945 ## - INFORMACIÓN DE PROCESAMIENTO LOCAL
Información de procesamiento local inventariado extranjero / DG
956 ## - LOCAL ELECTRONIC LOCATION AND ACCESS (OCLC)
Nombre de host LOPEREZ
Número de acceso 10
Información de compresión 20171109
Procesador de solicitud 00041
Instrucción BPMSU
Existencias
Withdrawn status Lost status Source of classification or shelving scheme Damaged status Not for loan Collection code Home library Current library Date acquired Source of acquisition Total Checkouts Barcode Date last seen Price effective from Koha item type
    Dewey Decimal Classification     Colección General Biblioteca Pública Metropolitana Salomé Ureña Biblioteca Pública Metropolitana Salomé Ureña 11/09/2017 Donación   BPMSU17110113 11/09/2017 11/09/2017 Libros